01461nam a2200409 i 450000100060000000300080000600500170001400600190003100700150005000800410006502000270010603500230013303500240015603500250018003500210020504000310022605000210025708000080027808200150028610000250030124501110032626400480043730000410048533600310052633700330055733800430059049000290063350000220066258801250068465000230080965000240083265000370085665000390089365500270093283000300095985600620098957565FlNmELB20241216232934.0m o d | cr cnu||||||||160413s2015 ag o 001 0 spa d a9789876550574 (e-book) a(MiAaPQ)EBC4422513 a(Au-PeEL)EBL4422513 a(CaPaEBR)ebr11162368 a(OCoLC)984802629 aFINmELBbspaerdacFINmELB 4aSD431bB885 2015 a6300 a634.922231 aBroz, Diego Ricardo.10aTécnicas de simulación y optimización aplicadas a la planificación forestal /cDiego Ricardo Broz. 1aBahía Blanca, Argentina :bEdiuns,c2015. a1 recurso en línea (213 páginas) atextobtxt2rdacontent/spa acomputadorabc2rdamedia/spa arecurso en líneabcr2rdacarrier/spa1 aCiencias y Tecnologías aIncluye índice. aDescripción basada en recurso en línea; Título de la página del título en PDF (e-libro, visto April 13, 2016). 0aForest management. 4aGestión forestal. 0aForests and forestryzArgentina. 4aBosques y silviculturazArgentina. 4aLibros electrónicos. 0aCiencias y Tecnologías.40uhttps://elibro.net/ereader/politecnicointernacional/78490